[Event "WYCC U18 Girls 2013"]
[Site "Al-Ain UAE"]
[Date "2013.12.20"]
[Round "3.24"]
[White "Lalaoui,Feriel"]
[Black "Kuckling,H"]
[Result "0-1"]
[WhiteElo "1754"]
[BlackElo "1993"]

1.e4 c5 2.Nf3 e6 3.d4 cxd4 4.Nxd4 Nc6 5.Nc3 Qc7 6.Be3 a6 7.Qd2 b5 8.f3 Nf6
9.O-O-O Bb4 10.Kb1 O-O 11.Nb3 Rd8 12.Qf2 Rb8 13.g4 Bxc3 14.bxc3 b4 15.g5 Ne8
16.c4 a5 17.Nd4 Nxd4 18.Bxd4 e5 19.Ba7 Rb7 20.Be3 a4 21.Rd5 b3 22.Rb5 bxa2+
23.Kxa2 Rxb5 24.cxb5 d5 25.Bb6 Qc3 26.Qc5 Qxc5 27.Bxc5 dxe4 28.fxe4 Rd1 29.h4 Nc7
30.Rg1 Ne6 31.Bh3 Rd8 32.Be7 Rd2 33.Kb1 Bb7 34.Kc1 Rd7 35.Bb4 Rd4 36.Bc3 Rxe4
37.Rg4 Re3 38.Rc4 Rxh3 39.Bxe5 a3 40.Kb1 a2+ 41.Kb2 Rh1 42.Rb4 Rb1+  0-1

[Event "WYCC U18 Open 2013"]
[Site "Al-Ain UAE"]
[Date "2013.12.20"]
[Round "3.7"]
[White "Drozdowski,K"]
[Black "Ladva,O"]
[Result "1-0"]
[WhiteElo "2463"]
[BlackElo "2337"]

1.e4 c5 2.Nf3 e6 3.d4 cxd4 4.Nxd4 Nc6 5.Nc3 a6 6.Nxc6 bxc6 7.Bd3 d5 8.O-O Nf6
9.Re1 Be7 10.e5 Nd7 11.Qg4 g6 12.Na4 O-O 13.Bh6 Re8 14.b3 a5 15.g3 Qc7 16.Qe2 Nb6
17.Nxb6 Qxb6 18.h4 Ba6 19.Bxa6 Qxa6 20.Qg4 a4 21.Rad1 axb3 22.axb3 Qa2 23.Re2 Qb2
24.Kg2 Reb8 25.h5 Ra1 26.hxg6 hxg6 27.Ree1 Ra2 28.Rc1 Rxb3 29.Rh1 Rb8 30.Qh3 Ba3
31.Bg7 f5 32.Qh7+ Kf7 33.Bf6+  1-0

[Event "51st ch-IND Premier 2013"]
[Site "Jalgaon IND"]
[Date "2013.12.20"]
[Round "4.4"]
[White "Negi,P"]
[Black "Adhiban,Baskaran"]
[Result "0-1"]
[WhiteElo "2671"]
[BlackElo "2569"]

1.e4 c5 2.Nf3 e6 3.d4 cxd4 4.Nxd4 Nc6 5.Nc3 Qc7 6.Be2 a6 7.O-O Nf6 8.Be3 Be7
9.f4 d6 10.Kh1 O-O 11.Qe1 Nxd4 12.Bxd4 b5 13.Qg3 Bb7 14.a3 Rad8 15.Rae1 Rd7
16.Bd3 Re8 17.Re2 Qd8 18.Qh3 Bf8 19.a4 e5 20.Bf2 b4 21.Nd5 Nxd5 22.exd5 g6
23.f5 Bxd5 24.Bxa6 Bc6 25.Bc4 Bxa4 26.Bd5 Bg7 27.fxg6 hxg6 28.Bh4 Qc7 29.Qd3 Bc6
30.Be1 Rb8 31.Re4 Bxd5 32.Qxd5 Qc5 33.Qxc5 dxc5 34.Bf2 Rd2 35.Bxc5 Rxc2 36.Rxb4 Rxb4
37.Bxb4 Rxb2 38.Bc3 Rc2 39.Ba1 f5 40.h3 e4 41.Kh2 Ra2 42.Bxg7 Kxg7 43.Rb1 g5
44.h4 gxh4 45.Rb6 Ra3 46.Re6 Rg3 47.Ra6 Rg6 48.Ra5 Kf6 49.Ra8 Rg4 50.Re8 Kg5
51.Rg8+ Kf4 52.Rh8 e3 53.Re8 Rg7 54.Kh3 Rg3+ 55.Kh2 h3  0-1

[Event "Al-Ain Classic Open A 2013"]
[Site "Al-Ain UAE"]
[Date "2013.12.21"]
[Round "3.2"]
[White "Golizadeh,A"]
[Black "Oleksienko,M"]
[Result "0-1"]
[WhiteElo "2500"]
[BlackElo "2622"]

1.e4 c5 2.Nf3 e6 3.d4 cxd4 4.Nxd4 Nc6 5.Nc3 Qc7 6.Be2 a6 7.O-O b5 8.Nxc6 dxc6
9.f4 Bb7 10.e5 Ne7 11.Ne4 Nf5 12.c3 c5 13.Bd3 c4 14.Bc2 Qb6+ 15.Kh1 h5 16.Rf3 h4
17.Rh3 Rd8 18.Qe2 Rd3 19.Nf2 Rxh3 20.Nxh3 Qc6 21.Bxf5 exf5 22.Be3 Rh6 23.Rf1 Rg6
24.Rf2 Qe4 25.Ng5 Rxg5 26.fxg5 h3 27.Kg1 hxg2 28.Qe1 Qxe5 29.Qd2 Be4 30.Bd4 Qd5
31.Qe1 Qe6 32.Re2 Kd7 33.Qh4 g6 34.Qf2 Kc6 35.Rd2 Bd6 36.Bf6 Bc7 37.Bd8 Bxd8
38.Rxd8 Bd5 39.Ra8 Kc7 40.Qf4+ Kb6 41.Qb8+ Ka5 42.Qd8+ Qb6+ 43.Qxb6+ Kxb6
44.Rd8 Kc5 45.Kf2 f4 46.h4 f3 47.a3 Be6 48.Ra8 Kd5 49.Rxa6 Ke4 50.h5 gxh5
51.g6 fxg6 52.Rxe6+ Kf5 53.Rb6 h4 54.Rxb5+ Kg4 55.Rd5 g5 56.Rd4+ Kh3 57.Rd1 Kh2
58.b4 cxb3 59.c4 g4 60.c5 g3+ 61.Kxf3 g1=Q 62.Rxg1 Kxg1 63.c6 b2 64.c7 b1=Q
65.c8=Q Qd1+ 66.Kf4 Kh2  0-1

[Event "Al-Ain Classic Open A 2013"]
[Site "Al-Ain UAE"]
[Date "2013.12.21"]
[Round "3.21"]
[White "Kovalev,Vl"]
[Black "Abdulla,K"]
[Result "1-0"]
[WhiteElo "2574"]
[BlackElo "2260"]

1.e4 c5 2.Nf3 e6 3.d4 cxd4 4.Nxd4 Nc6 5.Nc3 Qc7 6.Be2 Nf6 7.O-O a6 8.Be3 Bb4
9.Na4 Be7 10.Nxc6 bxc6 11.Nb6 Rb8 12.Nxc8 Qxc8 13.e5 Nd5 14.Bc1 Bc5 15.c4 Ne7
16.b3 Qc7 17.Bb2 d6 18.exd6 Bxd6 19.Qd4 Nf5 20.Qe4 Bxh2+ 21.Kh1 O-O 22.g4 Rbe8
23.Bd3 g6 24.gxf5 exf5 25.Qf3 Be5 26.Bxe5 Rxe5 27.Rfd1 c5 28.Bf1 Re4 29.Bg2 Rh4+
30.Kg1 Rg4 31.Re1 h5 32.Rad1 h4 33.Rd5 Qa5 34.Re2 Qa3 35.Kh2 Qb4 36.Qe3 Rc8
37.Qe5 a5 38.Red2 Qb6 39.Bf3 f6 40.Qe7 Qb8+ 41.Kh1 Re8 42.Rd8  1-0

[Event "WYCC U16 Girls 2013"]
[Site "Al-Ain UAE"]
[Date "2013.12.21"]
[Round "5.19"]
[White "Blagojevic,Tijana"]
[Black "Sunyasakta,S"]
[Result "1-0"]
[WhiteElo "2019"]
[BlackElo "1899"]

1.e4 c5 2.Nf3 e6 3.d4 cxd4 4.Nxd4 Nc6 5.Nc3 Qc7 6.Be3 a6 7.Bd3 Nf6 8.O-O Ne5
9.Bf4 Bd6 10.Bg3 O-O 11.Be2 Qb8 12.f4 Nc6 13.Nb3 Bc7 14.e5 Ne8 15.Bd3 d6
16.exd6 Nxd6 17.Ne4 Nf5 18.Qh5 h6 19.Nf6+ gxf6 20.Bxf5 exf5 21.Qxh6 Rd8 22.Bh4 Rd6
23.Rf3 Ne7 24.Re1 Bb6+ 25.Kh1 Bf2 26.Rh3 Re6 27.Qh8+  1-0

[Event "WYCC U16 Girls 2013"]
[Site "Al-Ain UAE"]
[Date "2013.12.21"]
[Round "5.7"]
[White "Derakhshani,D"]
[Black "Dong,Alice"]
[Result "1-0"]
[WhiteElo "2087"]
[BlackElo "1903"]

1.e4 c5 2.Nf3 Nc6 3.d4 cxd4 4.Nxd4 e6 5.Nc3 Qc7 6.Be2 a6 7.O-O Nf6 8.Be3 Bb4
9.Na4 O-O 10.Nxc6 bxc6 11.f4 Rb8 12.Bd3 Rd8 13.Qf3 Bf8 14.b3 d5 15.e5 Nd7
16.c4 dxc4 17.Bxc4 c5 18.Rac1 Bb7 19.Qf2 Qc6 20.Rc2 Rbc8 21.Rfc1 f6 22.h3 Kh8
23.Qg3 Re8 24.Bd3 fxe5 25.fxe5 g6 26.Rc4 Bg7 27.Rh4 Kg8 28.Rxh7 Nf8 29.Rh4 Bxe5
30.Qf2 Qd6 31.Qe2 Bd4 32.Rg4 e5 33.Kh1 Bxe3 34.Qxe3 Re7 35.Rxc5 e4 36.Bc4+ Kg7
37.Rh5  1-0

[Event "WYCC U18 Open 2013"]
[Site "Al-Ain UAE"]
[Date "2013.12.21"]
[Round "5.26"]
[White "El Jawich,A"]
[Black "Ladva,O"]
[Result "1/2-1/2"]
[WhiteElo "2156"]
[BlackElo "2337"]

1.e4 c5 2.Nf3 e6 3.d4 cxd4 4.Nxd4 Nc6 5.Nc3 a6 6.Be3 Nf6 7.a3 d6 8.Be2 Be7
9.O-O O-O 10.f4 Qc7 11.Qd3 Nxd4 12.Bxd4 e5 13.Be3 exf4 14.Rxf4 Be6 15.Nd5 Bxd5
16.exd5 Nd7 17.Bd4 Bf6 18.c4 Bxd4+ 19.Qxd4 Rae8 20.Bf1 Re5 21.b4 b6 22.Re4 Rfe8
23.Rae1 f5 24.Rxe5 dxe5 25.Qf2 g6 26.Rc1 Nf6 27.c5 bxc5 28.bxc5 Rd8 29.d6 Qc6
30.Qa2+ Kg7 31.Qe6 Re8 32.Qc4 e4 33.Qxa6 Qd5 34.Qc4 Qc6 35.Qb4 Qd5 36.Qc4 Qc6
37.Qb4 Qd5 38.Qc4 Qc6 39.Rb1 Re5 40.Rc1 Nd7 41.Qd4 Kf6 42.a4 Nxc5 43.Bb5 Qd5
44.Qxd5 Rxd5 45.Bc6 Re5 46.Rb1 Nd3 47.Bb5 Rd5 48.d7 Ke7 49.Bxd3 exd3 50.Kf2 f4
51.Kf3 Rd4 52.g3 g5 53.h4 gxh4 54.gxf4 Kxd7 55.Ke3 Rd6 56.Kd2 Rd4 57.Rh1 Rxf4
58.Kxd3 Rxa4 59.Ke3 Ke6 60.Kf3 Kf5 61.Rb1 Rf4+ 62.Kg2 Kg4 63.Rb3 h5 64.Rb2  1/2-1/2

[Event "51st Groningen Open A 2013"]
[Site "Groningen NED"]
[Date "2013.12.21"]
[Round "1.50"]
[White "Olsarova,T"]
[Black "Keetman,Maaike"]
[Result "1-0"]
[WhiteElo "2260"]
[BlackElo "1899"]

1.e4 c5 2.Nf3 e6 3.d4 cxd4 4.Nxd4 Nc6 5.Nc3 Qc7 6.Be2 a6 7.O-O Nf6 8.Be3 Bb4
9.Na4 Be7 10.Nxc6 bxc6 11.Nb6 Rb8 12.Nxc8 Qxc8 13.e5 Nd5 14.Bd4 Bd8 15.c4 Ne7
16.Bd3 O-O 17.Re1 Kh8 18.Re3 g6 19.Rh3 Rg8 20.Qf3 Nf5 21.Bc3 Rg7 22.Rd1 Bb6
23.Bd2 Bc7 24.Re1 Rxb2 25.Bg5 Bd8 26.Bf6 Rxa2 27.Bxf5 exf5 28.Qf4 g5 29.Bxg7+ Kxg7
30.Qxf5 h6 31.Rf3 Bb6 32.Qxf7+ Kh8 33.Qf6+ Kh7 34.Qe7+ Kg8 35.Rf6  1-0

[Event "51st Groningen Open A 2013"]
[Site "Groningen NED"]
[Date "2013.12.21"]
[Round "1.49"]
[White "Dijkhuis,Sven"]
[Black "Struik,T"]
[Result "1-0"]
[WhiteElo "1941"]
[BlackElo "2262"]

1.e4 c5 2.Nf3 e6 3.d4 cxd4 4.Nxd4 Nc6 5.Nc3 d6 6.Be3 Nf6 7.Be2 Be7 8.O-O O-O
9.f4 Qc7 10.Kh1 a6 11.a4 Re8 12.Qe1 Nxd4 13.Bxd4 e5 14.fxe5 dxe5 15.Qg3 Bd8
16.Be3 Be6 17.Bh6 g6 18.Rad1 Be7 19.Bg5 Nd7 20.Bxe7 Rxe7 21.Bg4 Bc4 22.Rf2 Rae8
23.Qf3 Nb8 24.b3 Be6 25.Bxe6 fxe6 26.Rdf1 Nc6 27.Qh3 Kg7 28.Nd1 Nd8 29.Ne3 Rf7
30.Rxf7+ Nxf7 31.Ng4 Rf8 32.Qf3 Qe7 33.Qc3 Qd6 34.h3 Qd4 35.Qf3 Qd8 36.Rd1 Qe7
37.Qg3 Qg5 38.Qc3 h5 39.Ne3 Rd8 40.Rf1 Rd7 41.Nc4 Rd4 42.Qf3 Qe7 43.Re1 Qf6
44.Qxf6+ Kxf6 45.c3 Rd3 46.Rf1+ Kg5 47.Rxf7 Rxc3 48.Rxb7 Kf4 49.Kh2 Kxe4
50.Rb6 Kf5 51.Nd6+ Kf4 52.Rb4+ Ke3 53.Re4+ Kd3 54.Rxe5 Rxb3 55.Rxe6 Rb4 56.a5 g5
57.Re5 g4 58.Rxh5 gxh3 59.Rxh3+ Ke2 60.Rh6 Rb8 61.Nf5 Ra8 62.Kg3 Rg8+ 63.Kf4 Rxg2
64.Rxa6 Kd3 65.Rc6 Ra2 66.a6 Ra5 67.Ne7 Kd4 68.Nc8 Kd5 69.Rh6 Ra4+ 70.Kf5 Kc5
71.a7 Ra1 72.Ke4 Ra3 73.Rg6 Ra1 74.Kd3 Ra4 75.Kc3 Ra2 76.Kb3 Ra1 77.Kb2 Ra4
78.Rh6 Rb4+ 79.Ka3 Rb1 80.Ka2  1-0

[Event "51st Groningen Open A 2013"]
[Site "Groningen NED"]
[Date "2013.12.21"]
[Round "1.41"]
[White "Klapwijk,Bram"]
[Black "Van Foreest,Jorden"]
[Result "1-0"]
[WhiteElo "2039"]
[BlackElo "2326"]

1.e4 c5 2.Nf3 e6 3.d4 cxd4 4.Nxd4 Nc6 5.Nc3 Qc7 6.Be3 a6 7.Bd3 Nf6 8.O-O Nxd4
9.Bxd4 Bc5 10.Be2 d6 11.Bf3 e5 12.Bxc5 Qxc5 13.Na4 Qc6 14.c4 O-O 15.Rc1 Be6
16.Re1 Rfd8 17.b3 g6 18.Qd2 Qc7 19.Red1 Kg7 20.Qb4 a5 21.Qb6 Qe7 22.Rc3 Bd7
23.Nb2 Bc6 24.Qe3 Nd7 25.a3 Nc5 26.b4 axb4 27.axb4 Ne6 28.b5 Be8 29.Nd3 Nd4
30.Nb4 Bd7 31.Nd5 Qh4 32.Rxd4 exd4 33.Qxd4+ f6 34.Bd1 Rf8 35.Nb6 Rad8 36.Nxd7 Rxd7
37.c5 Re8 38.Bf3 Qf4 39.c6 bxc6 40.bxc6 Rc7 41.Qd5 Qe5 42.Rc1 f5 43.Qxe5+ dxe5
44.Kf1 f4 45.Bg4 Kf6 46.Bd7 Rb8 47.Rc2 Rb4 48.f3 h5 49.Ke2 Ke7 50.Ra2 g5
51.Ra8 Rb2+ 52.Kf1 g4 53.fxg4 hxg4 54.Bxg4 Rxc6 55.Ra1 Rh6 56.Ra7+ Kd8 57.h3 Rc6
58.Rd7+ Ke8 59.Rd1 Rcc2 60.Bf3 Ke7 61.Kg1 Kf6 62.h4 Rd2 63.Ra1 Rd6 64.Rc1 Rdb6
65.Kh2 Rb1 66.Rc8 Rf1 67.Rf8+ Kg7 68.Ra8 Rfb1 69.Re8 Rh6 70.h5 Rb5 71.Kh3 Kf7
72.Ra8 Rb7 73.Kg4 Kf6 74.Ra6+ Kg7 75.Ra8 Rf6 76.Re8 Rb5 77.Kg5 Rf8 78.h6+ Kf7
79.Bh5+ Kg8 80.h7+ Kxh7 81.Rxf8 Rb2 82.Bf3 Kg7 83.Ra8  1-0

[Event "WYCC U16 Girls 2013"]
[Site "Al-Ain UAE"]
[Date "2013.12.22"]
[Round "6.30"]
[White "Rojikova,Lenka"]
[Black "Trippold,Denise"]
[Result "1/2-1/2"]
[WhiteElo "1943"]
[BlackElo "1789"]

1.e4 c5 2.Nf3 e6 3.d4 cxd4 4.Nxd4 Nc6 5.Nc3 Qc7 6.g3 a6 7.Bg2 Nf6 8.O-O Nxd4
9.Qxd4 Bc5 10.Bf4 d6 11.Qd3 h6 12.Na4 e5 13.Nxc5 dxc5 14.Bd2 O-O 15.f4 Bd7
16.Qc3 Rfe8 17.h3 Bb5 18.Rfe1 Rad8 19.Be3 exf4 20.Bxf4 Qe7 21.g4 Nd7 22.Rad1 Nf8
23.Qg3 Bc6 24.Bd6 Qg5 25.h4 Qg6 26.Bxc5 Rxd1 27.Rxd1 Bxe4 28.Re1 Bc6 29.Rxe8 Bxe8
30.Qb8 Qe6 31.Qd6 Qe1+ 32.Bf1 Ne6 33.Bf2 Qe4 34.Qg3 Qxc2 35.Qc3 Qe4 36.Qg3 Qc2  1/2-1/2

[Event "WYCC U18 Open 2013"]
[Site "Al-Ain UAE"]
[Date "2013.12.22"]
[Round "6.7"]
[White "Eliseev,U"]
[Black "Sanzhaev,D"]
[Result "1-0"]
[WhiteElo "2552"]
[BlackElo "2366"]

1.e4 c5 2.Nf3 e6 3.d4 cxd4 4.Nxd4 Nc6 5.Nc3 Qc7 6.Be3 a6 7.Qd2 Nf6 8.O-O-O Nxd4
9.Qxd4 Ng4 10.Qb6 Qc6 11.Bd4 e5 12.Be3 Be7 13.Be2 Bd8 14.Qxc6 dxc6 15.Bxg4 Bxg4
16.f3 Be6 17.Na4 Bc7 18.Nc5 Bb6 19.Rd6 Bxc5 20.Bxc5 Rd8 21.Rhd1 Rxd6 22.Rxd6 h5
23.Kd2 g5 24.g3 Rg8 25.Kc3 Rg6 26.Kb4 Bh3 27.Rd2 Rf6 28.Ka5 Rxf3 29.Kb6 h4
30.gxh4 gxh4 31.Kxb7 f5 32.exf5 e4 33.Re2 Rf4 34.Re1 Bf1 35.a4 Kf7 36.Kxc6 e3
37.Kb6 e2 38.b4 Rxf5 39.Kxa6 Ke6 40.c4 Rg5 41.a5 Kd7 42.Kb7 Bg2+ 43.Ka7 Bf3
44.a6 Rg4 45.b5 Rxc4 46.Bf2 Rc7+ 47.Kb6 Rc4 48.Rg1 Re4 49.Ka7 Re8 50.Bxh4 Kd6
51.Rc1 Ke5 52.Rc3 Be4 53.Re3 Kd4 54.Rxe2 Kc5 55.Rxe4 Rxe4 56.b6 Rxh4 57.b7 Kd5  1-0

[Event "51st ch-IND Premier 2013"]
[Site "Jalgaon IND"]
[Date "2013.12.22"]
[Round "6.5"]
[White "Stany,G"]
[Black "Adhiban,Baskaran"]
[Result "0-1"]
[WhiteElo "2397"]
[BlackElo "2569"]

1.e4 c5 2.Nf3 e6 3.d4 cxd4 4.Nxd4 Nc6 5.Nc3 Qc7 6.Be2 a6 7.O-O Nf6 8.Be3 Be7
9.f4 d6 10.Qe1 O-O 11.Qg3 Nxd4 12.Bxd4 b5 13.a3 Bb7 14.Kh1 Bc6 15.Rad1 Rad8
16.Bf3 Kh8 17.Rfe1 Rfe8 18.Qf2 Nd7 19.Bh5 Rf8 20.f5 Bf6 21.Bxf6 Nxf6 22.Bf3 Qb7
23.Rd3 Rfe8 24.h3 Nd7 25.Rxd6 exf5 26.e5 Bxf3 27.Qxf3 Qxf3 28.gxf3 Nc5 29.Rc6 Rc8
30.Rxc8 Rxc8 31.Rd1 h5 32.Rd6 h4 33.Nd5 a5 34.c3 g6 35.Ne7 Re8 36.Nc6 Na4
37.Rd5 Nxb2 38.Rxb5 Nc4 39.a4 Rc8 40.Nd4 Nd2 41.Rb2 Nc4 42.Rb5 Nd2 43.Rb2 Nf1
44.Rb7 Kg8 45.e6 Ng3+ 46.Kg2 fxe6 47.Nxe6 Nh5 48.Nc7 Nf4+ 49.Kf2 g5 50.c4 Nxh3+
51.Ke3 Nf4 52.Nd5 Rxc4 53.Nf6+ Kf8 54.Nh7+ Ke8 55.Nxg5 Nd5+ 56.Kf2 Rxa4 57.Ne6 Ra2+
58.Kg1 a4 59.Ng7+ Kd8 60.Nxf5 h3 61.Ra7 a3 62.Nd4 Nf4 63.Ra5 Rg2+ 64.Kh1 a2
65.Nc6+ Kc7 66.Nb4 Ne2  0-1

[Event "Al-Ain Classic Open A 2013"]
[Site "Al-Ain UAE"]
[Date "2013.12.23"]
[Round "5.11"]
[White "Sharbaf,M"]
[Black "Gopal,G"]
[Result "1/2-1/2"]
[WhiteElo "2424"]
[BlackElo "2540"]

1.e4 c5 2.Nf3 e6 3.d4 cxd4 4.Nxd4 Nc6 5.Nc3 Qc7 6.g3 a6 7.Bg2 Nf6 8.O-O Nxd4
9.Qxd4 Bc5 10.Bf4 d6 11.Qd2 h6 12.Rad1 e5 13.Be3 Be6 14.Bxc5 dxc5 15.Qd6 Qxd6
16.Rxd6 Ke7 17.Rb6 Kd7 18.Nd5 Bxd5 19.exd5 Kc7 20.Rb3 Rab8 21.Re1 Kd6 22.Rb6+ Kc7
23.Rb3 Kd6 24.Rb6+ Kc7  1/2-1/2

[Event "WYCC U18 Girls 2013"]
[Site "Al-Ain UAE"]
[Date "2013.12.23"]
[Round "7.7"]
[White "Klek,H"]
[Black "Duessler,S"]
[Result "1-0"]
[WhiteElo "2297"]
[BlackElo "2046"]

1.e4 c5 2.Nf3 e6 3.d4 cxd4 4.Nxd4 Nc6 5.Nc3 Qc7 6.Be3 a6 7.Qd2 Nf6 8.O-O-O Bb4
9.f3 Ne5 10.g4 Bxc3 11.Qxc3 Qxc3 12.bxc3 d5 13.g5 Ng8 14.exd5 exd5 15.Re1 Ne7
16.Bf4 N5g6 17.Bd6 Kd7 18.Bg3 Kd8 19.c4 Bd7 20.h4 h6 21.f4 Nf5 22.Nxf5 Bxf5
23.cxd5 Rc8 24.c4 b5 25.h5 Ne7 26.d6 Nc6 27.Bf2 bxc4 28.Bb6+ Kd7 29.Bc7 Be6
30.g6 fxg6 31.Rg1 Nb4 32.Rxg6 Nxa2+ 33.Kd1 Rhe8 34.Rgxe6 Rxe6 35.Rxe6  1-0

[Event "WYCC U18 Girls 2013"]
[Site "Al-Ain UAE"]
[Date "2013.12.23"]
[Round "7.15"]
[White "Pratyusha,B"]
[Black "Kuckling,H"]
[Result "1-0"]
[WhiteElo "2128"]
[BlackElo "1993"]

1.e4 c5 2.Nf3 e6 3.d4 cxd4 4.Nxd4 Nc6 5.Nc3 Qc7 6.Be3 a6 7.Qd2 Nf6 8.f3 Bb4
9.O-O-O Ne5 10.Nb3 d5 11.Bf4 O-O 12.Bg3 dxe4 13.Qg5 Bxc3 14.bxc3 Nfd7 15.Rxd7 Qxd7
16.Qxe5 exf3 17.gxf3 Rd8 18.Bd3 Qa4 19.Kb1 Bd7 20.Rg1 g6 21.Qf6 Rac8 22.Be5 Kf8
23.Bd6+ Kg8 24.Bxg6 hxg6 25.Rxg6+ fxg6 26.Qxg6+ Kh8 27.Be5+  1-0

[Event "WYCC U16 Girls 2013"]
[Site "Al-Ain UAE"]
[Date "2013.12.23"]
[Round "7.17"]
[White "Karimi,Yeganeh"]
[Black "Heinemann,Josefine"]
[Result "1/2-1/2"]
[WhiteElo "1839"]
[BlackElo "2008"]

1.e4 c5 2.Nf3 e6 3.d4 cxd4 4.Nxd4 Nc6 5.Nc3 Qc7 6.g3 a6 7.Bg2 Nf6 8.O-O Be7
9.Re1 d6 10.Nxc6 bxc6 11.e5 dxe5 12.Rxe5 O-O 13.Re1 Rd8 14.Qe2 Bb7 15.Na4 c5
16.Bf4 Bd6 17.Bxb7 Qxb7 18.Bxd6 Rxd6 19.b3 Qc6 20.c4 Rd4 21.Rad1 Rad8 22.Rxd4 cxd4
23.Nb2 Nd7 24.b4 Nb6 25.Qd3 f6 26.c5 Nc8 27.Qc4 Rd5 28.Qb3 Kf7 29.Nd3 g5
30.a4 Na7 31.Rb1 Rf5 32.b5 Qe4 33.Re1 Qd5 34.Qxd5 Rxd5 35.b6 Nc6 36.Rb1 Nb8
37.b7 Rd7 38.c6 Rc7 39.Nb4 a5 40.Nc2 e5 41.Rb6 Rxc6 42.Rxc6 Nxc6 43.Na3 Ke6
44.Nc4 Nb8 45.Nxa5 Kd5 46.Kf1 Kc5 47.Nb3+ Kb6 48.Ke2 Kxb7 49.Kd3 Kc6 50.Kc4 Na6
51.g4 Kb6 52.f3 Kc6 53.h3 Kb6 54.Kd5 h6 55.Nd2 Ka5 56.Ke6 Kxa4 57.Kxf6 Kb4
58.Kxe5 d3 59.Kd4 Nc5 60.Nf1 Ne6+ 61.Kxd3 Nf4+ 62.Ke4 Nxh3 63.Kf5 Ng1 64.Nh2 Kc4
65.Kg6 Kd3 66.Kxh6 Nh3 67.f4  1/2-1/2

[Event "WYCC U18 Girls 2013"]
[Site "Al-Ain UAE"]
[Date "2013.12.23"]
[Round "7.22"]
[White "Xiao,Alice Huanyi"]
[Black "Lezhepekova,V"]
[Result "0-1"]
[WhiteElo "1874"]
[BlackElo "2121"]

1.e4 c5 2.Nf3 e6 3.d4 cxd4 4.Nxd4 Nc6 5.Nc3 Qc7 6.Be2 Nf6 7.a3 Nxd4 8.Qxd4 Bc5
9.Qd3 a6 10.O-O b5 11.Be3 Bb7 12.Bd4 d6 13.Rad1 Rd8 14.Qg3 Bxd4 15.Rxd4 O-O
16.Bf3 Qc5 17.Rfd1 e5 18.R4d2 b4 19.axb4 Qxb4 20.Qh4 Qxb2 21.Ne2 Qb4 22.Ng3 Bc8
23.Nh5 Nxh5 24.Qxh5 a5 25.Qg5 Be6 26.h4 a4 27.Rd3 Rd7 28.h5 f6 29.Qg3 a3
30.Bg4 Bxg4 31.Qxg4 f5 32.Qh3 a2 33.Ra1 Qb2 34.Rdd1 Qxc2 35.exf5 Rb7 36.f6 Rxf6
37.Rdc1 Qxf2+ 38.Kh1 Rbf7 39.Qc8+ Rf8 40.Qc4+ Kh8 41.Rxa2 Qg3 42.Qb5 Rf4
43.Ra4 e4 44.Rxe4 Rxe4 45.Rf1 Rh4+ 46.Kg1 Qh2+  0-1

[Event "51st Groningen Open A 2013"]
[Site "Groningen NED"]
[Date "2013.12.23"]
[Round "3.29"]
[White "Veltman,A"]
[Black "Van Foreest,Jorden"]
[Result "0-1"]
[WhiteElo "2052"]
[BlackElo "2326"]

1.e4 c5 2.Nf3 e6 3.d4 cxd4 4.Nxd4 Nc6 5.Nc3 Qc7 6.g4 a6 7.Bg2 h6 8.O-O Nf6
9.Re1 Nxd4 10.Qxd4 Bc5 11.Qd1 h5 12.h3 hxg4 13.hxg4 Rh4 14.Nd5 exd5 15.exd5+ Kf8
16.Bg5 Qh2+ 17.Kf1 Rxg4 18.Qxg4 Nxg4 19.Re4 Bxf2 20.Rxg4 Qg1+ 21.Ke2 Qxa1
22.Kxf2 d6 23.Rh4 Kg8 24.Be4 f5  0-1

[Event "51st Groningen Open A 2013"]
[Site "Groningen NED"]
[Date "2013.12.23"]
[Round "3.28"]
[White "Sparenberg,E"]
[Black "Minko,V"]
[Result "0-1"]
[WhiteElo "2112"]
[BlackElo "2327"]

1.e4 c5 2.Nf3 e6 3.d4 cxd4 4.Nxd4 Nc6 5.Nc3 Qc7 6.Be3 Nf6 7.Be2 a6 8.O-O Bb4
9.Na4 b5 10.Nxc6 dxc6 11.Nc5 O-O 12.c3 Bxc5 13.Bxc5 Rd8 14.Qc2 Nd7 15.Be7 Re8
16.Bh4 c5 17.a4 Rb8 18.axb5 axb5 19.Rfd1 c4 20.f3 Nc5 21.Bf2 Nb3 22.Ra7 Bb7
23.Bg3 e5 24.Rd5 Qb6+ 25.Bf2 Nd4 26.cxd4 Qxa7 27.Rxb5 exd4 28.Qxc4 Qa1+ 29.Bf1 Rbc8
30.Qxd4 Rc1 31.Qd3 Rxf1+  0-1

[Event "WYCC U18 Open 2013"]
[Site "Al-Ain UAE"]
[Date "2013.12.24"]
[Round "8.21"]
[White "Prince,Ba"]
[Black "Izzat,Kanan"]
[Result "1-0"]
[WhiteElo "2227"]
[BlackElo "2385"]

1.e4 c5 2.Nf3 e6 3.d4 cxd4 4.Nxd4 Nc6 5.Nc3 Qc7 6.Be2 Nf6 7.O-O Be7 8.Ndb5 Qb8
9.Be3 a6 10.Nd4 Qc7 11.f4 d6 12.Kh1 O-O 13.a4 Nxd4 14.Bxd4 e5 15.Be3 exf4
16.Rxf4 Be6 17.Bd4 Nd7 18.Nd5 Bxd5 19.exd5 Rac8 20.Bg4 Rce8 21.Bxd7 Qxd7
22.Qd3 f5 23.Raf1 g6 24.h4 Bf6 25.Bxf6 Rxf6 26.g4 Re5  1-0

[Event "Chinese Teams 2013"]
[Site "Tianjin CHN"]
[Date "2013.12.24"]
[Round "22.3"]
[White "Lu Shanglei"]
[Black "Yu Yangyi"]
[Result "1/2-1/2"]
[WhiteElo "2550"]
[BlackElo "2668"]

1.e4 c5 2.Nf3 e6 3.d4 cxd4 4.Nxd4 Nc6 5.Nc3 Qc7 6.g3 a6 7.Bg2 Nf6 8.O-O h5
9.Re1 Nxd4 10.Qxd4 Bc5 11.Bf4 d6 12.Qd2 Ng4 13.Nd1 a5 14.a3 Bd7 15.Rc1 a4
16.b4 axb3 17.cxb3 Qb6 18.h3 Ne5 19.Ne3 Rxa3 20.Bxe5 Bxe3 21.fxe3 dxe5 22.Red1 O-O
23.Qxd7 Qxe3+ 24.Kh1 Qxb3 25.Rf1 Qxg3 26.Rc8 Rxc8 27.Qxf7+ Kh8 28.Qxh5+ Kg8
29.Qf7+ Kh8 30.Qh5+ Kg8 31.Qf7+  1/2-1/2

[Event "51st ch-IND Premier 2013"]
[Site "Jalgaon IND"]
[Date "2013.12.25"]
[Round "8.6"]
[White "Ashwin,J"]
[Black "Adhiban,Baskaran"]
[Result "1-0"]
[WhiteElo "2487"]
[BlackElo "2569"]

1.e4 c5 2.Nf3 e6 3.d4 cxd4 4.Nxd4 Nc6 5.Nc3 Qc7 6.Be3 a6 7.Qd2 Nf6 8.O-O-O Bb4
9.f3 O-O 10.g4 b5 11.g5 Nh5 12.a3 Be7 13.Nce2 b4 14.Nxc6 dxc6 15.axb4 Rd8
16.Qc3 Rxd1+ 17.Kxd1 a5 18.b5 Qd7+ 19.Kc1 cxb5 20.Nd4 b4 21.Qc6 Rb8 22.Bb5 Qd8
23.Qc4 Bb7 24.Rd1 Qf8 25.Bd7 Bc5 26.Kb1 Qd6 27.Rd2 Bd5 28.exd5 exd5 29.Qa2 Qxd7
30.Qxa5 Rc8 31.Rd3 f6 32.h4 fxg5 33.hxg5 Ng3 34.Bd2 Be7 35.Nb3 Rd8 36.f4 Qb7
37.Rxg3 Ra8 38.Nc5 Qc6 39.Qxb4 Bxc5 40.Qb3 Kh8 41.Bb4 Qe8 42.Rh3 Qe4 43.Bd2 Kg8
44.Rd3 Rd8 45.Qb5 Bf8 46.Ba5 Qh1+ 47.Ka2 Ra8 48.Qxd5+ Qxd5+ 49.Rxd5 Bb4 50.Rd8+ Rxd8
51.Bxd8 Bd2 52.f5 Kf7 53.g6+ hxg6 54.fxg6+ Kxg6 55.Kb3 Kf5 56.Kc4 Ke4 57.b4 g5
58.b5 g4 59.b6 g3 60.b7 Bf4 61.Bb6 g2 62.Bg1 Bb8 63.Bd4 Bd6 64.c3 Bh2 65.Bg1 Bb8
66.Kb5 Kd5 67.c4+ Kd6 68.Kb6 Kd7 69.c5 Ke7 70.Bf2 Kd8 71.c6 Bh2 72.Ka7 g1=Q
73.Bxg1 Bxg1+ 74.Ka8 Bh2 75.b8=Q+ Bxb8 76.Kxb8 Ke8  1-0

[Event "Al-Ain Classic Open A 2013"]
[Site "Al-Ain UAE"]
[Date "2013.12.26"]
[Round "7.36"]
[White "Djaballah,F"]
[Black "Abdulla,K"]
[Result "0-1"]
[WhiteElo "2037"]
[BlackElo "2260"]

1.e4 c5 2.Nf3 e6 3.d4 cxd4 4.Nxd4 Nc6 5.Nc3 Qc7 6.Be2 a6 7.O-O Nf6 8.Be3 Bb4
9.Na4 Be7 10.Nxc6 bxc6 11.Nb6 Rb8 12.Nxc8 Qxc8 13.Bd4 c5 14.Be5 Rb6 15.b3 O-O
16.Qd3 Rd8 17.Bc3 Rc6 18.Ba5 Re8 19.e5 Nd5 20.Qg3 Bd8 21.Bxd8 Rxd8 22.c4 Ne7
23.Bd3 g6 24.Be4 d5 25.exd6 Rcxd6 26.Qf3 f5 27.Bb7 Qb8 28.b4 Rb6 29.Bxa6 Rxa6
30.b5 Ra4 31.Qe3 Qb6 32.Rfe1 Rxc4 33.a4 Re4 34.Qg5 Rxe1+ 35.Rxe1 Nd5 36.h4 Re8
37.h5 Kg7 38.Rd1 c4 39.h6+ Kf7 40.Qg3 Qb8 41.Qa3 Rc8 42.Qa2 c3 43.Qb3 c2
44.Rc1 Rc3 45.Qb2 Qc7 46.g3 e5 47.Qa2 Qc4 48.Qa1 Qe2 49.b6 Rxg3+ 50.fxg3 Ne3
51.Qa2+  0-1

[Event "WYCC U18 Girls 2013"]
[Site "Al-Ain UAE"]
[Date "2013.12.26"]
[Round "9.13"]
[White "Leks,M"]
[Black "Lezhepekova,V"]
[Result "1-0"]
[WhiteElo "2076"]
[BlackElo "2121"]

1.e4 c5 2.Nc3 Nc6 3.Nge2 e6 4.d4 cxd4 5.Nxd4 Qc7 6.Be2 Nf6 7.O-O a6 8.Be3 b5
9.Nxc6 dxc6 10.f4 Bb7 11.e5 Nd5 12.Nxd5 cxd5 13.Bd4 Bc5 14.c3 Rc8 15.Rc1 Bxd4+
16.cxd4 Qxc1 17.Qxc1 Rxc1 18.Rxc1 Kd7 19.b4 f5 20.Kf2 Rc8 21.Rxc8 Kxc8 22.g4 Kd7
23.Kg3 Bc6 24.Kh4 Ke7 25.gxf5 exf5 26.Kg5 Be8 27.Kxf5 Bg6+ 28.Kg5 Bb1 29.a3 h6+
30.Kh5 Bf5 31.Bf3 Ke6 32.Bg2 Bd3 33.Bh3+  1-0

[Event "51st Groningen Open A 2013"]
[Site "Groningen NED"]
[Date "2013.12.26"]
[Round "5.6"]
[White "Pruijssers,R"]
[Black "Simonian,T"]
[Result "1/2-1/2"]
[WhiteElo "2539"]
[BlackElo "2401"]

1.e4 c5 2.Nf3 e6 3.d4 cxd4 4.Nxd4 Nc6 5.Nc3 Qc7 6.f4 a6 7.Nxc6 dxc6 8.e5 c5
9.Be3 b6 10.Bd3 Bb7 11.Be4 Ne7 12.Qf3 O-O-O 13.O-O Nf5 14.a4 Nxe3 15.Qxe3 c4
16.Kh1 Bc5 17.Qe2 Rd4  1/2-1/2

[Event "Al-Ain Classic Open A 2013"]
[Site "Al-Ain UAE"]
[Date "2013.12.27"]
[Round "8.3"]
[White "Oleksienko,M"]
[Black "Vovk,A"]
[Result "1-0"]
[WhiteElo "2622"]
[BlackElo "2599"]

1.e4 c5 2.Nf3 e6 3.d4 cxd4 4.Nxd4 Nc6 5.Nc3 Qc7 6.Be2 a6 7.O-O Nf6 8.Kh1 Be7
9.f4 d6 10.Be3 O-O 11.Qe1 Nxd4 12.Bxd4 b5 13.a3 Bb7 14.Qg3 Rad8 15.Rae1 Rd7
16.Bd3 Re8 17.Nd1 Bd8 18.e5 dxe5 19.Bxe5 Qc6 20.f5 Bc7 21.fxe6 Bxe5 22.Rxe5 Rxe6
23.Rxf6 Qxg2+ 24.Qxg2 Rxe5 25.Qxb7 Rxb7 26.Rxa6 g6 27.Nf2 b4 28.b3 bxa3 29.Rxa3 Re1+
30.Kg2 Rc1 31.Ra4 Rb1 32.Ne4 Kg7 33.Nc3 Re1 34.b4 f5 35.b5 Kf6 36.Rb4 Ke7
37.b6 Kd6 38.Na4 Re5 39.Rb5 Re3 40.Kf2 Rh3 41.Bf1 Rxh2+ 42.Bg2 Rb8 43.c4 Rc8
44.c5+ Kd7 45.Kg3 Rh5 46.c6+ Kd6 47.Rd5+ Kxc6 48.Rd8+  1-0

[Event "51st Groningen Open A 2013"]
[Site "Groningen NED"]
[Date "2013.12.27"]
[Round "6.41"]
[White "Calzetta Ruiz,M"]
[Black "Sparenberg,E"]
[Result "1/2-1/2"]
[WhiteElo "2234"]
[BlackElo "2112"]

1.e4 c5 2.Nc3 Nc6 3.Nf3 e6 4.d4 cxd4 5.Nxd4 Qc7 6.g3 a6 7.Bg2 Nf6 8.O-O Be7
9.a4 O-O 10.Kh1 d6 11.Nde2 b6 12.f4 Bb7 13.h3  1/2-1/2